000 00896nas a2200241 454500
001 37496
005 20260407193510.0
008 260407s1940####ag###########|||spa#d
003 AR-UNSa-BCEJYS
040 _aAR-UNSa-BCEJYS
_bspa
_cAR-UNSa-BCEJYS
080 _a339.9
_xEconomía internacional en general. Relaciones económicas internacionales. Economía mundial
245 1 0 _aBoletin mensual
_pselección de temas económicos
264 1 _aMontevideo :
_b[s.n.]
_c1940
310 _aFrecuencia: Mensual
041 _aspa
942 _cSER
590 _aniveau_biblio:s niveau_hierar:1
100 1 _aBanco de la República Oriental del Uruguay. Departamento de Investigaciones Económicas
650 _aPolítica monetaria
650 _aPolítica económica
650 _aECONOMIA INTERNACIONAL
856 4 1 _uhttps://170.210.207.44/pmb/images/revistas/R19659.jpg
_yImagen de portada
_qimage/jpeg
999 _c8817
_d8817